01174 2200325 4500001002100000005001500021035002000036007000300056008004100059020002200100082001100122084002000133100002800153245008700181250003000268300004000298650003300338700002800371520023800399264004100637336002100678337003000699338002300729990001600752990001600768990001600784990001600800990001600816990001600832INLIS00000000116249520221101040450 a0010-1122000030ta221101 e 0 eng  a978-623-7800-10-1 a371.39 aSR 371.39 DAN o0 aDani Ramdaniepengarang1 aOscillate the works on transforming class /cDani Ramdani; penyunting, Alya Nabila acetakan 1 : februari 2020 ax, 80 halaman :bilustrasi ;c23 cm 4aMontesori, metode pendidikan0 aAlya Nabilaepenyunting aoscillate - the works on transforming class is a journey on how educator and trainer struggled with recipes to attain effectiveness a class and ultimately to achieve the best results of learning. the oscillate brings pictures about : aYogyakarta :bDiandra Kreatif,c2020 2rdacontentateks 2rdamediaatanpa perantara 2rdacarrieravolume a50439.63259 a50440.63260 a50440.63260 a50439.63259 a50439.63259 a50440.63260